000 01110nam a2200289 a 4500
001 000029124
003 DO-SdBNP
005 20251107110523.0
008 100812s2006 dr r 000 0 spa d
040 _aDO-SdBNP
_bspa
_cBNPHU
082 _a028.5
_bL296b, 2006
100 1 _aLantigua, José Rafael,
_d1949-
_91438
245 1 0 _aBuscando tiempo para leer y lecturas recomendadas /
_cJosé Rafael Lantigua, Juan Tomás Tavares ; prólogo Juan Daniel Balcácer.
250 _a2a ed.
260 _aSanto Domingo :
_bComisión Permanente de Efemérides Patrias,
_c2006.
300 _a78 p. ;
_c22 cm.
490 1 _aColección de la Comisión Permanente de Efemérides Patrias
_v12
590 _aInventariado,2018/DG
650 0 _aLibros y lectura
_91512
650 0 _aPromoción de la lectura
_97321
650 4 _aGuía para lectores
_944457
700 1 2 _aTavares, Juan Tomás,
_945546
700 1 2 _aBalcácer, Juan Daniel,
_d1949-
_epról.
_96566
830 0 _aColección de la Comisión Permanente de Efemérides Patrias
_n12
_956034
910 _aValidado. Control de calidad. MFF
942 _2ddc
_cLBS1
999 _c28616
_d28616